Entscheidungen des Bundesverfassungsgerichts / 139. Band
| Medienart: | Druck Buch |
|---|---|
| Sprache: | Deutsch |
| Veröffentlicht: |
2016
|
| In: |
Entscheidungen des Bundesverfassungsgerichts
Jahr: 2016 |
| Bestand in Tübingen: | In Tübingen vorhanden. IFK: R 5 139 |
| Verfügbarkeit prüfen: | HBZ Gateway |
| Subito Bestelldienst: | Jetzt bestellen. |
MARC
| LEADER | 00000cam a2200000 cc4500 | ||
|---|---|---|---|
| 001 | 1539089231 | ||
| 003 | DE-627 | ||
| 005 | 20230124135821.0 | ||
| 007 | tu | ||
| 008 | 160427s2016 xx ||||| 00| ||ger c | ||
| 020 | |a 9783161543296 |9 978-3-16-154329-6 | ||
| 035 | |a (DE-627)1539089231 | ||
| 035 | |a (DE-576)469089237 | ||
| 035 | |a (DE-599)BSZ469089237 | ||
| 040 | |a DE-627 |b ger |c DE-627 |e rda | ||
| 041 | |a ger | ||
| 245 | 0 | 0 | |a Entscheidungen des Bundesverfassungsgerichts |n 139. Band |
| 264 | 1 | |c 2016 | |
| 300 | |a IV, 419 Seiten | ||
| 336 | |a Text |b txt |2 rdacontent | ||
| 337 | |a ohne Hilfsmittel zu benutzen |b n |2 rdamedia | ||
| 338 | |a Band |b nc |2 rdacarrier | ||
| 773 | 1 | 8 | |a Entscheidungen des Bundesverfassungsgerichts |w (DE-627)131064835 |w (DE-576)029160308 |w (DE-600)1108323-2 |x 0433-7646 |g 139. Band |q 2015,139 |7 nnas |
| 935 | |h SWB |i vSatz | ||
| 951 | |a JV | ||
| ELC | |b 1 | ||
| LOK | |0 000 xxxxxcx a22 zn 4500 | ||
| LOK | |0 001 2923150384 | ||
| LOK | |0 003 DE-627 | ||
| LOK | |0 004 1539089231 | ||
| LOK | |0 005 20160427135252 | ||
| LOK | |0 008 160427||||||||||||||||ger||||||| | ||
| LOK | |0 040 |a DE-21-110 |c DE-627 |d DE-21-110 | ||
| LOK | |0 852 |a DE-21-110 | ||
| LOK | |0 852 1 |c R 5 139 |m p |9 00 | ||
| LOK | |0 938 |a 1604 | ||
| LOK | |0 938 |k p | ||
| LOK | |0 939 |a 27-04-16 |b l01 | ||
| ORI | |a SA-MARC-krimdoka001.raw | ||
| SIG | |a IFK: R 5 139 | ||
